The woman in white / (Record no. 6199)
[ view plain ]
| 000 -LEADER | |
|---|---|
| fixed length control field | 01156nam a22002297a 4500 |
| 001 - CONTROL NUMBER | |
| control field | 6199 |
| 003 - CONTROL NUMBER IDENTIFIER | |
| control field | FISKH |
| 005 - DATE AND TIME OF LATEST TRANSACTION | |
| control field | 20250327110514.0 |
| 008 - FIXED-LENGTH DATA ELEMENTS--GENERAL INFORMATION | |
| fixed length control field | 250327b cb ||||| |||| 00| 0 eng d |
| 020 ## - INTERNATIONAL STANDARD BOOK NUMBER | |
| International Standard Book Number | 9780007902217 |
| Terms of availability | $6.00 |
| 040 ## - CATALOGING SOURCE | |
| Original cataloging agency | FISKH |
| Language of cataloging | eng |
| Transcribing agency | FISKH |
| Modifying agency | FISKH |
| 050 ## - LIBRARY OF CONGRESS CALL NUMBER | |
| Classification number | PR4494 .W5 |
| 082 ## - DEWEY DECIMAL CLASSIFICATION NUMBER | |
| Classification number | 823.8 |
| 100 ## - MAIN ENTRY--PERSONAL NAME | |
| Personal name | Collins, Wilkie |
| 245 ## - TITLE STATEMENT | |
| Title | The woman in white / |
| Statement of responsibility, etc. | Wilkie Collins |
| 260 ## - PUBLICATION, DISTRIBUTION, ETC. | |
| Place of publication, distribution, etc. | London : |
| Name of publisher, distributor, etc. | Harper Collins, |
| Date of publication, distribution, etc. | 2011. |
| 300 ## - PHYSICAL DESCRIPTION | |
| Extent | 756 pages : |
| Dimensions | 18 cm |
| 520 ## - SUMMARY, ETC. | |
| Summary, etc. | The Woman in White is credited with being the first of the sensation novels, and one of the finest examples of the genre. A young woman's husband defrauds her of her fortune, her identity and eventually her sanity. She is saved by her sister and a loyal man who loves her, and her two rescuers attempt to expose her husband. They meet a woman dressed all in white whose fate seems curiously intertwined with that of the young woman. In the tradition of the sensation novel, the story contravenes boundaries of class, identity and the private and public spheres. |
| 650 ## - SUBJECT ADDED ENTRY--TOPICAL TERM | |
| Topical term or geographic name entry element | British literature |
| Form subdivision | Fiction |
| General subdivision | Thriller |
| 942 ## - ADDED ENTRY ELEMENTS (KOHA) | |
| Source of classification or shelving scheme | Dewey Decimal Classification |
| Koha item type | Books |
| Suppress in OPAC | No |
| Withdrawn status | Lost status | Source of classification or shelving scheme | Damaged status | Not for loan | Collection | Home library | Current library | Shelving location | Date acquired | Total Checkouts | Full call number | Barcode | Date last seen | Price effective from | Koha item type |
|---|---|---|---|---|---|---|---|---|---|---|---|---|---|---|---|
| Dewey Decimal Classification | Fiction | Footprints International School Library Network Toul Kork Campus | Footprints International School Library Network Toul Kork Campus | A TK Campus, 4th Floor, Room B401, Fiction Bookcases (1-6) | 03/27/2025 | COL 823.8 PR4494 .W5 | 2025-0858 | 03/27/2025 | 03/27/2025 | Books |
